00941nam a22001457a 4500008004100000020001500041050001500056100002000071245006100091250001200152260003700164300002100201500004500222505052800267140530b xxu||||| |||| 00| 0 eng d a0750708573 aLB1028.A47 aAnderson, Gary. aFundamentals of educational research. /cGary, Anderson. a2nd ed. aU.S.A:bRoutledge falmer,c2001. ax, 266p.:c23cm. aIncludes index, glossary and appendixes. aContents: The nature of educational research -- Research ethics -- The research process -- Defining a research problem -- Research information -- Research frameworks -- Scholarly communication -- Review of the literature -- Introduction to types of research-- Historical research -- Descriptive research -- Correlational research -- Qualitative research -- Evaluation research -- Case study -- Data collection -- Questionnaires -- Inquiry protocols -- Successful interviews -- Focus groups -- Appendix -- Glossary -- Index.